[Event "4NCL 3 South pool A"]
[Site "Daventry, ENG"]
[Date "2019.02.10"]
[Round "6.26"]
[White "Freeman, Richard C P"]
[Black "Lim, Mark"]
[Result "1/2-1/2"]
[WhiteElo "1995"]
[BlackElo "1802"]
[PlyCount "56"]
[EventDate "2019.02.10"]
[WhiteTeam "MK Phoenix 1"]
[BlackTeam "Cambridge University 2"]

1. f4 d5 2. Nf3 Nf6 3. e3 e6 4. b3 Be7 5. Bb2 b6 6. Bb5+ c6 7. Be2 O-O 8. O-O
Bb7 9. Qe1 Nbd7 10. Nc3 b5 11. Nd1 Ne8 12. Nf2 Bf6 13. Bxf6 Nexf6 14. Nd3 c5
15. Nde5 Qb6 16. d4 cxd4 17. Nxd7 Nxd7 18. exd4 b4 19. Qf2 Ba6 20. Bxa6 $11
Qxa6 21. Qd2 Qb7 22. c3 bxc3 23. Qxc3 Rac8 24. Qe3 Nf6 25. Rfc1 Qa6 26. a4 Qd6
27. Ne5 Ne4 28. Nd3 f5 1/2-1/2

[Event "4NCL 3 South pool A"]
[Site "Daventry, ENG"]
[Date "2019.02.10"]
[Round "6.31"]
[White "Voyiakis, Emmanuel"]
[Black "Hall, John"]
[Result "1/2-1/2"]
[WhiteElo "2110"]
[BlackElo "2208"]
[PlyCount "43"]
[EventDate "2019.02.10"]
[WhiteTeam "Fermented Sharks"]
[BlackTeam "Leeds University Old Boys"]

1. e4 c5 2. Nf3 d6 3. d4 cxd4 4. Nxd4 Nf6 5. Nc3 g6 6. Be3 Bg7 7. f3 Nc6 8. Qd2
O-O 9. O-O-O d5 10. exd5 Nxd5 11. Nxc6 bxc6 12. Bd4 Bxd4 13. Qxd4 Qb6 14. Bc4
Qxd4 15. Rxd4 Nb6 16. Bb3 c5 17. Re4 c4 18. Ba4 Be6 19. Rd1 Rfd8 20. Red4 Rxd4
21. Rxd4 Rc8 22. Kd2 1/2-1/2

[Event "4NCL 3 South pool A"]
[Site "Daventry, ENG"]
[Date "2019.02.10"]
[Round "6.32"]
[White "Pickard, Charles"]
[Black "Agnew, Alan"]
[Result "1/2-1/2"]
[WhiteElo "2148"]
[BlackElo "2072"]
[PlyCount "34"]
[EventDate "2019.02.10"]
[WhiteTeam "Leeds University Old Boys"]
[BlackTeam "Fermented Sharks"]

1. c4 Nf6 2. Nf3 g6 3. g3 Bg7 4. Bg2 O-O 5. O-O d6 6. d4 Nc6 7. h3 a6 8. Be3
Rb8 9. Qd2 e5 10. Nc3 Bf5 11. Bg5 Nxd4 12. Nxd4 exd4 13. Qxd4 h6 14. Bxf6 Qxf6
15. Qxf6 Bxf6 16. Rac1 Rfe8 17. Rfe1 Bxc3 1/2-1/2

[Event "4NCL 3 South pool A"]
[Site "Daventry, ENG"]
[Date "2019.02.10"]
[Round "6.33"]
[White "Okhai, Shabir"]
[Black "Mossong, Hubert"]
[Result "0-1"]
[WhiteElo "2092"]
[BlackElo "2062"]
[PlyCount "104"]
[EventDate "2019.02.10"]
[WhiteTeam "Fermented Sharks"]
[BlackTeam "Leeds University Old Boys"]

1. e4 d6 2. d4 Nf6 3. Nc3 c6 4. Nf3 Bg4 5. h3 Bh5 6. g4 Bg6 7. Qe2 Nbd7 8. h4
h5 9. g5 Nh7 10. Bh3 e6 11. d5 e5 12. Be3 cxd5 13. exd5 Be7 14. Qb5 Qc7 15. Qa4
Nhf8 16. Nb5 Qc8 17. Qb4 Qb8 18. Qc3 Bd8 19. Qa3 Be7 20. Bxa7 Qc8 21. Qe3 Qc4
22. a4 Rc8 23. c3 f5 24. Bg2 f4 25. Qd2 Nc5 26. Bxc5 Qxc5 27. O-O Nd7 28. Rfe1
Nb6 29. b3 O-O 30. c4 Rce8 31. Bh3 Bf5 32. Bxf5 Rxf5 33. Qd3 Qc8 34. a5 Na8 35.
a6 bxa6 36. Rxa6 Rf7 37. Rea1 Qg4+ 38. Kf1 Nb6 39. Rxb6 Bd8 40. Rxd6 e4 41. Qe2
Rfe7 42. Nfd4 f3 43. Qe3 Qg2+ 44. Ke1 Qg1+ 45. Kd2 Qxa1 46. Nc6 Ba5+ 47. b4
Qb2+ 48. Kd1 Qb1+ 49. Qc1 Qxc1+ 50. Kxc1 e3 51. Nxe7+ Rxe7 52. bxa5 exf2 0-1

[Event "4NCL 3 South pool A"]
[Site "Daventry, ENG"]
[Date "2019.02.10"]
[Round "6.34"]
[White "Wojciechowski, Paul"]
[Black "Niccoli, Tony"]
[Result "0-1"]
[WhiteElo "1913"]
[BlackElo "2043"]
[PlyCount "116"]
[EventDate "2019.02.10"]
[WhiteTeam "Leeds University Old Boys"]
[BlackTeam "Fermented Sharks"]

1. e4 e5 2. Nc3 Nf6 3. Bc4 Nc6 4. d3 Na5 5. Qf3 d6 6. Nge2 Nxc4 7. dxc4 Be7 8.
O-O Be6 9. b3 O-O 10. h3 Ne8 11. Ng3 g6 12. Bh6 Ng7 13. Nd5 Bh4 14. Rad1 b6 15.
Qc3 f5 16. f4 Bxd5 17. cxd5 Qf6 18. exf5 Bxg3 19. Bxg7 Qxg7 20. Qxg3 Rxf5 21.
fxe5 Qxe5 22. Qxe5 $11 Rxe5 23. c4 Rf8 24. Rd2 Rff5 25. Rxf5 Rxf5 26. Re2 Kf7
27. Re3 h5 28. g3 g5 29. Kg2 b5 30. cxb5 Rxd5 31. Rc3 Rd2+ 32. Kf3 Rxa2 33.
Rxc7+ Ke6 34. Rh7 Rb2 35. Rxh5 Rxb3+ 36. Ke4 Rb4+ 37. Kf3 Rxb5 38. Kg4 Rb4+ 39.
Kf3 Kf5 40. h4 Rb3+ 41. Kg2 d5 42. Rxg5+ Ke4 43. Rg4+ Ke3 44. Ra4 Rb2+ 45. Kh3
Rb7 46. Ra3+ Ke4 47. Ra1 d4 48. h5 d3 49. g4 d2 50. Kh4 Rd7 51. Rd1 Kf3 52. h6
Ke2 53. Ra1 d1=Q 54. Rxd1 Rxd1 55. g5 Kf3 56. Kh5 Kf4 57. h7 Rh1+ 58. Kg6 Rxh7
0-1

[Event "4NCL 3 South pool A"]
[Site "Daventry, ENG"]
[Date "2019.02.10"]
[Round "6.35"]
[White "Millward, Kevin P"]
[Black "Birkin, Mark H"]
[Result "0-1"]
[WhiteElo "1971"]
[BlackElo "1959"]
[PlyCount "174"]
[EventDate "2019.02.10"]
[WhiteTeam "Fermented Sharks"]
[BlackTeam "Leeds University Old Boys"]

1. d4 e6 2. Bf4 f5 3. Nf3 Nf6 4. e3 g6 5. h3 Bg7 6. c4 d6 7. Nc3 O-O 8. Be2 Qe7
9. O-O b6 10. b4 Nc6 11. Qb3 Nd8 12. Rac1 Bb7 13. c5 Nf7 14. Nb5 Nd5 15. Bh2 a6
16. Nc3 bxc5 17. bxc5 Nxc3 18. Rxc3 Bd5 19. Qa3 g5 20. cxd6 cxd6 21. Rfc1 g4
22. Rc7 Qf6 23. hxg4 fxg4 24. Nd2 Nh6 25. Rf1 e5 26. e4 Bf7 27. dxe5 dxe5 28.
Bc4 Qd8 29. Bxf7+ Nxf7 30. Qc3 Qd6 31. Rc1 Rad8 32. Nf1 h5 33. Rc6 Qd3 34. Qxd3
Rxd3 35. Rxa6 Ng5 36. Ng3 h4 37. Nf5 g3 38. fxg3 Nxe4 39. Nxg7 hxg3 40. Bxg3
Nxg3 41. Kh2 Kxg7 42. Rc7+ Rf7 43. Rcc6 Nf5 44. Re6 Re7 45. g4 Rxe6 46. Rxe6
Nd4 47. Re7+ Kf6 48. Re8 Kf7 49. Rb8 Rd2+ 50. Kg3 Rxa2 51. Rb6 Rc2 52. Ra6 Rc6
53. Ra7+ Kg6 54. Ra8 Rc3+ 55. Kh4 Nf3+ 56. Kg3 Ng5+ 57. Kg2 Nf7 58. Rg8+ Kf6
59. Kf2 e4 60. Rf8 Rf3+ 61. Kg2 Kg5 62. Re8 Kf4 63. Re7 Ng5 64. Re8 Kxg4 65.
Rg8 Rf5 66. Re8 Kf4 67. Kf2 Nf7 68. Ke2 Ne5 69. Rg8 Rf6 70. Rg1 Ng4 71. Ra1 Rh6
72. Rf1+ Ke5 73. Rg1 Rh2+ 74. Ke1 Nf6 75. Rg5+ Kf4 76. Rg6 Nd5 77. Rg8 Nc3 78.
Rc8 Nd5 79. Ra8 Ne3 80. Rf8+ Nf5 81. Rc8 Rh1+ 82. Ke2 Ng3+ 83. Kf2 Rh2+ 84. Kg1
Rd2 85. Rc4 Kf3 86. Rc3+ Rd3 87. Rc1 Ne2+ 0-1

[Event "4NCL 3 South pool A"]
[Site "Daventry, ENG"]
[Date "2019.02.10"]
[Round "6.36"]
[White "Taylor, Mark V"]
[Black "Lundback, Anders"]
[Result "1-0"]
[WhiteElo "1899"]
[BlackElo "1812"]
[PlyCount "77"]
[EventDate "2019.02.10"]
[WhiteTeam "Leeds University Old Boys"]
[BlackTeam "Fermented Sharks"]

1. f4 d5 2. Nf3 c5 3. e3 Nc6 4. Be2 Nf6 5. O-O Bg4 6. c4 d4 7. Ne5 Bxe2 8. Qxe2
Qc7 9. Nxc6 Qxc6 10. exd4 cxd4 11. d3 g6 12. Na3 Bg7 13. Bd2 O-O 14. Nc2 Qd7
15. Rae1 Rfe8 16. Qf3 a5 17. b3 b6 18. f5 Rad8 19. fxg6 hxg6 20. Bg5 Rf8 21. h3
Qd6 22. Bf4 Qd7 23. Be5 Nh5 24. Bxg7 Nxg7 25. Re4 Nf5 26. g4 Nd6 27. Rxd4 e5
28. Rd5 Rde8 29. Qg3 Qe7 30. Re1 f6 31. d4 Nf7 32. dxe5 Nxe5 33. g5 Qf7 34. Rf1
Nd7 35. gxf6 Nxf6 36. Rg5 Kg7 37. Nd4 Kh7 38. Qh4+ Kg8 39. Qh6 1-0

[Event "4NCL 3 South pool A"]
[Site "Daventry, ENG"]
[Date "2019.02.10"]
[Round "6.41"]
[White "Hughes, Roy"]
[Black "Vachtfeidl, Petr"]
[Result "1/2-1/2"]
[WhiteElo "1990"]
[BlackElo "1842"]
[PlyCount "125"]
[EventDate "2019.02.10"]
[WhiteTeam "Iceni 1"]
[BlackTeam "CSC 2"]

1. d4 Nf6 2. Nf3 g6 3. Bf4 Bg7 4. e3 O-O 5. Be2 d5 6. h3 c5 7. c3 b6 8. a4 Nc6
9. O-O Nd7 10. Qb3 Bb7 11. Rd1 e5 12. dxe5 Ncxe5 13. a5 Qe7 14. a6 Bc6 15. Na3
Rfd8 16. Qc2 Rac8 17. Qd2 Nxf3+ 18. Bxf3 Ne5 19. Be2 Ba4 20. Rdb1 d4 21. cxd4
cxd4 22. Bxe5 dxe3 23. Qxe3 Qxe5 24. Qxe5 Bxe5 25. Nc4 Bb5 26. Nxe5 Bxe2 27.
Rc1 Rxc1+ 28. Rxc1 Rd1+ 29. Rxd1 Bxd1 30. Nc6 $11 Be2 31. Nxa7 Bxa6 32. Nc6 Kf8
33. f4 Bb7 34. Ne5 Ke7 35. Kf2 Bd5 36. g4 f6 37. Nd3 h6 38. h4 g5 39. hxg5 hxg5
40. fxg5 fxg5 41. Ke3 Kd6 42. Kd4 Be6 43. Nf2 Bd7 44. Ne4+ Ke7 45. Nxg5 Bxg4
46. Ne4 Ke6 47. Nd2 Kd6 48. Nc4+ Kc7 $11 49. Ne5 Bd1 50. Kc4 Kd6 51. Nf7+ Kc6
52. Kb4 Be2 53. Ne5+ Kd5 54. Nd7 Kc6 55. Nf8 Bd3 56. Ne6 Bf1 57. Nd4+ Kd5 58.
Nc2 Kc6 59. Ne3 Bd3 60. Nc4 Bxc4 61. Kxc4 b5+ 62. Kb4 Kb6 63. b3 1/2-1/2

[Event "4NCL 3 South pool A"]
[Site "Daventry, ENG"]
[Date "2019.02.10"]
[Round "6.42"]
[White "Saidmurodov, Shahjahon"]
[Black "Crombleholme, Alan K"]
[Result "1-0"]
[WhiteElo "1728"]
[BlackElo "1966"]
[PlyCount "67"]
[EventDate "2019.02.10"]
[WhiteTeam "CSC 2"]
[BlackTeam "Iceni 1"]

1. d4 Nf6 2. Bf4 g6 3. Nc3 Bg7 4. e3 O-O 5. h4 d6 6. h5 Nxh5 7. Rxh5 gxh5 8.
Qxh5 e6 9. Nf3 f5 10. O-O-O Qe8 11. Qh2 a6 12. Be2 Nd7 13. Rh1 Nf6 14. Nh4 b5
15. g4 Bb7 16. Rg1 fxg4 17. Bxg4 Nxg4 18. Rxg4 Rf7 19. Ne2 Be4 20. Ng3 Bg6 21.
Qg2 e5 22. dxe5 dxe5 23. Nxg6 hxg6 24. Rxg6 exf4 25. Nh5 Qf8 26. Nxg7 Rxg7 27.
Rxg7+ Qxg7 28. Qxa8+ Kf7 29. Qd5+ Ke7 30. Qe4+ Kd7 31. Qd4+ Qxd4 32. exd4 Kd6
33. Kd2 Kd5 34. Kd3 1-0

[Event "4NCL 3 South pool A"]
[Site "Daventry, ENG"]
[Date "2019.02.10"]
[Round "6.43"]
[White "Ortiz Sanchez, Luis"]
[Black "Grey, Nicholas D"]
[Result "1-0"]
[WhiteElo "1922"]
[BlackElo "1701"]
[PlyCount "53"]
[EventDate "2019.02.10"]
[WhiteTeam "Iceni 1"]
[BlackTeam "CSC 2"]

1. e4 c5 2. c3 Nf6 3. e5 Nd5 4. d4 cxd4 5. Nf3 b6 6. Bc4 Bb7 7. O-O e6 8. cxd4
d6 9. Qe2 Nd7 10. Bd2 dxe5 11. dxe5 Be7 12. Nc3 Nxc3 13. Bxc3 O-O 14. Rfe1 Qc7
15. Rac1 Bxf3 16. gxf3 Rac8 17. Ba6 Rb8 18. Bd4 Qd8 19. Red1 Bg5 20. Be3 Bxe3
21. Qxe3 b5 22. Rc5 Qe7 23. Rc7 Rfd8 24. Bb7 Nc5 25. Rxe7 Rxd1+ 26. Kg2 Nxb7
27. Qxa7 1-0

[Event "4NCL 3 South pool A"]
[Site "Daventry, ENG"]
[Date "2019.02.10"]
[Round "6.44"]
[White "Cresswell, Mike J"]
[Black "Gibbs, Dominic V"]
[Result "0-1"]
[WhiteElo "1702"]
[BlackElo "1939"]
[PlyCount "134"]
[EventDate "2019.02.10"]
[WhiteTeam "CSC 2"]
[BlackTeam "Iceni 1"]

1. e4 c5 2. Nf3 d6 3. d4 cxd4 4. Nxd4 Nf6 5. Nc3 Nc6 6. f3 e5 7. Nde2 Be7 8.
Be3 Be6 9. Qd2 a5 10. Nd5 Bxd5 11. exd5 Nb4 12. Nc3 O-O 13. a3 Na6 14. Bc4 Qc7
15. Ba2 Rfc8 16. O-O Rab8 17. Rac1 b5 18. Ne2 Nc5 19. b4 axb4 20. axb4 Ncd7 21.
c4 bxc4 22. Rxc4 Qb7 23. Rfc1 Rxc4 24. Rxc4 Nb6 25. Bxb6 Qxb6+ 26. Kh1 h5 27.
Ng3 g6 28. h3 Kg7 29. b5 Nd7 30. Rc6 Qa5 31. Ra6 Qc7 32. Rc6 Qb7 33. Bc4 Ra8
34. Be2 Nc5 35. Ne4 Ra1+ 36. Kh2 Nxe4 37. fxe4 h4 38. Rc1 Rxc1 39. Qxc1 Qb6 40.
Qf1 $11 Bg5 41. Kh1 Bf4 42. Bd3 Bg3 43. Qb1 Bf2 44. Qf1 Bc5 45. Qe1 Qd8 46. Qb1
Qa5 47. Qf1 Qd2 48. Qe2 Qxe2 49. Bxe2 Kh6 50. g4 hxg3 51. Kg2 Bf2 52. b6 Bxb6
53. Kxg3 f5 54. Bd3 Kg5 55. Kf3 Ba5 56. Ke2 Kf4 57. exf5 gxf5 58. Kf2 Bd8 59.
Bf1 Bh4+ 60. Ke2 e4 61. Kd2 Ke5 62. Bc4 Kd4 63. Bb3 f4 64. Ke2 f3+ 65. Kf1 Kc3
66. Bd1 Kd2 67. Bb3 e3 0-1

[Event "4NCL 3 South pool A"]
[Site "Daventry, ENG"]
[Date "2019.02.10"]
[Round "6.45"]
[White "Feavyour, John A"]
[Black "John, Joshua"]
[Result "1/2-1/2"]
[WhiteElo "1973"]
[BlackElo "1617"]
[PlyCount "50"]
[EventDate "2019.02.10"]
[WhiteTeam "Iceni 1"]
[BlackTeam "CSC 2"]

1. d4 Nf6 2. Nf3 e6 3. c4 b6 4. g3 Bb7 5. Bg2 d5 6. cxd5 exd5 7. O-O Bd6 8. Nc3
O-O 9. Nb5 Re8 10. Nxd6 Qxd6 11. Bf4 Qe7 12. Re1 c5 13. Rc1 Nbd7 14. Bh3 Ne4
15. Be3 Ndf6 16. Ne5 Bc8 17. Bg2 Bb7 18. Nf3 Ng4 19. Rf1 Nxe3 20. fxe3 c4 21.
b3 b5 22. Kh1 Nd6 23. bxc4 bxc4 24. Rb1 f6 25. Nh4 Bc6 1/2-1/2

[Event "4NCL 3 South pool A"]
[Site "Daventry, ENG"]
[Date "2019.02.10"]
[Round "6.46"]
[White "Kan, Toby"]
[Black "Calvert, D Ian"]
[Result "0-1"]
[WhiteElo "1560"]
[BlackElo "1912"]
[PlyCount "94"]
[EventDate "2019.02.10"]
[WhiteTeam "CSC 2"]
[BlackTeam "Iceni 1"]

1. e4 d5 2. exd5 Qxd5 3. Nc3 Qd6 4. d4 Nf6 5. Nf3 a6 6. Be2 Bf5 7. Ne5 Nc6 8.
Nxc6 Qxc6 9. Bf3 Qb6 10. Rb1 O-O-O 11. d5 e6 12. O-O Nxd5 13. Nxd5 exd5 14.
Bxd5 c6 15. Qf3 Rxd5 16. c4 Bxb1 17. cxd5 Bxa2 18. Qf5+ Kd8 19. Bg5+ Be7 20.
Bxe7+ Kxe7 21. Qe5+ Kd7 22. Qxg7 Rd8 23. dxc6+ bxc6 24. Qxh7 Kc7 25. Qh3 Qxb2
26. Qg3+ Kb7 27. Qg5 Rd7 28. Qf5 Qd4 29. Qa5 Bc4 30. Rb1+ Bb5 31. h3 Qd2 32.
Qa1 Qf4 33. Qc3 Rd2 34. Qc5 Qd6 35. Qc1 Kc7 36. Qe1 Be2 37. g4 Rd1 38. Rxd1
Qxd1 39. Qxd1 Bxd1 40. Kf1 Kd6 41. Ke1 Bf3 42. Kd2 a5 43. Kc3 Ke5 44. Kb3 Bd1+
45. Kb2 Kf4 46. Kc3 Bxg4 47. hxg4 Kxg4 0-1

[Event "4NCL 3 South pool A"]
[Site "Daventry, ENG"]
[Date "2019.04.13"]
[Round "7.12"]
[White "Okike, David"]
[Black "Ruthen, Stephen W"]
[Result "1-0"]
[WhiteElo "2168"]
[BlackElo "2014"]
[PlyCount "87"]
[EventDate "2019.04.13"]
[WhiteTeam "Kings Head"]
[BlackTeam "Iceni 1"]

1. e4 e5 2. Nf3 Nc6 3. Bb5 Nd4 4. Bc4 Nxf3+ 5. Qxf3 Nf6 6. Nc3 c6 7. a4 Bb4 8.
O-O d6 9. d3 h6 10. Be3 O-O 11. h3 Be6 12. Bxe6 fxe6 13. Qg3 Kh7 14. Ne2 g5 15.
f3 Nh5 16. Qg4 Qe8 17. c3 Ba5 18. d4 Nf6 19. Qg3 Nh5 20. Qe1 Nf4 21. Qd1 Bc7
22. Qc2 Qg6 23. Rad1 Rf7 24. Rf2 h5 25. Bxf4 exf4 26. Kf1 Raf8 27. Qd3 Kh8 28.
b4 Qh6 29. Ng1 Rh7 30. a5 Bd8 31. c4 g4 32. d5 cxd5 33. exd5 e5 34. c5 Re8 35.
Re2 Rg7 36. a6 dxc5 37. Qb5 Ree7 38. d6 Rd7 39. axb7 Rxb7 40. Qe8+ Rg8 41.
Qxe5+ Bf6 42. Qxc5 Rgb8 43. d7 Qg5 44. Rd5 1-0

[Event "4NCL 3 South pool A"]
[Site "Daventry, ENG"]
[Date "2019.04.13"]
[Round "7.13"]
[White "Gibbs, Dominic V"]
[Black "McMichael, Richard J"]
[Result "0-1"]
[WhiteElo "1946"]
[BlackElo "2177"]
[PlyCount "86"]
[EventDate "2019.04.13"]
[WhiteTeam "Iceni 1"]
[BlackTeam "Kings Head"]

1. c4 e6 2. g3 f5 3. Bg2 Nf6 4. Nc3 d5 5. cxd5 exd5 6. Nf3 Bd6 7. O-O O-O 8. d3
Qe8 9. Qb3 c6 10. Re1 Nbd7 11. Qc2 Qh5 12. e4 fxe4 13. dxe4 Ng4 14. exd5 Nde5
15. Rxe5 Bxe5 16. h3 Rxf3 17. Bxf3 Qxh3 18. Bg2 Qh2+ 19. Kf1 Bd7 20. Nd1 Rf8
21. dxc6 bxc6 22. Be3 Bxg3 23. Bxa7 Qh4 24. Bc5 Rf7 25. Kg1 Bh2+ 26. Kf1 Be5
27. Qe2 Qg5 28. Be3 Qh5 29. Rc1 Nh2+ 30. Ke1 Qg6 31. f3 Qg3+ 32. Kd2 Nxf3+ 33.
Bxf3 Rxf3 34. Rc5 Rf7 35. Ra5 h6 36. Ra8+ Kh7 37. a4 Bf5 38. Rd8 Bf6 39. Re8
Qd6+ 40. Kc1 Qb4 41. Ra8 Rd7 42. Nf2 Re7 43. Ra7 Rxe3 0-1

[Event "4NCL 3 South pool A"]
[Site "Daventry, ENG"]
[Date "2019.04.13"]
[Round "7.14"]
[White "Lewis, Alex"]
[Black "Sagues, Vincent"]
[Result "1-0"]
[WhiteElo "2130"]
[BlackElo "1961"]
[PlyCount "83"]
[EventDate "2019.04.13"]
[WhiteTeam "Kings Head"]
[BlackTeam "Iceni 1"]

1. e4 d5 2. exd5 Qxd5 3. d4 Nc6 4. Nf3 Bg4 5. Be2 e6 6. O-O O-O-O 7. c3 Nf6 8.
h3 Bf5 9. Bf4 Bd6 10. Bxd6 Qxd6 11. Nbd2 Ne4 12. Nxe4 Bxe4 13. Ng5 Bg6 14. Bd3
Qe7 15. Bxg6 hxg6 16. Qg4 Rd5 17. f4 Kb8 18. Rae1 Qf6 19. Nf3 Rf5 20. Ne5 Nxe5
21. dxe5 Qe7 22. Rd1 Rfh5 23. Rd4 Rd8 24. Rfd1 Rhh8 25. Qg5 Qxg5 26. fxg5 Kc8
27. Rxd8+ Rxd8 28. Rxd8+ Kxd8 29. Kf2 Ke7 30. Ke3 Kd7 31. Kd4 Ke7 32. h4 Kd7
33. g4 Ke7 34. h5 Kf8 35. Kc5 Kg8 36. a4 Kh7 37. a5 a6 38. b4 f5 39. gxf6 gxf6
40. exf6 gxh5 41. gxh5 Kh6 42. Kd4 1-0

[Event "4NCL 3 South pool A"]
[Site "Daventry, ENG"]
[Date "2019.04.13"]
[Round "7.15"]
[White "Ortiz Sanchez, Luis"]
[Black "Gilfillan, Andrew"]
[Result "1-0"]
[WhiteElo "1930"]
[BlackElo "2095"]
[PlyCount "115"]
[EventDate "2019.04.13"]
[WhiteTeam "Iceni 1"]
[BlackTeam "Kings Head"]

1. Nf3 c5 2. b3 d5 3. e3 Nf6 4. Bb2 Bg4 5. h3 Bh5 6. g4 Bg6 7. Ne5 Nbd7 8. Nxg6
hxg6 9. Bg2 e6 10. d3 Bd6 11. c4 Be5 12. Qc2 g5 13. Nd2 Qa5 14. Ke2 Bxb2 15.
Qxb2 O-O-O 16. Nf3 Rhe8 17. Nxg5 Re7 18. Rac1 d4 19. Rhd1 Ne5 20. Rb1 Red7 21.
Nf3 Nc6 22. a3 e5 23. b4 Qc7 24. bxc5 e4 25. Nxd4 Nxd4+ 26. exd4 Rxd4 27. dxe4
Rxc4 28. Rxd8+ Kxd8 29. Qxb7 Qxc5 30. Rd1+ Rd4 31. Qb8+ Ke7 32. Rxd4 Qxd4 33.
Qb4+ Qxb4 34. axb4 g5 35. f4 Nh7 36. fxg5 Nxg5 37. Ke3 Kd6 38. Kf4 Ne6+ 39. Kf5
Ke7 40. g5 Nd4+ 41. Kf4 Ne6+ 42. Kg4 Kd6 43. Kf5 Ke7 44. h4 Nd4+ 45. Kf4 a6 46.
Bf1 Nc6 47. Bxa6 Nxb4 48. Bb5 Nc2 49. h5 Kf8 50. e5 Nb4 51. Bc4 Nc6 52. Bd5 Ne7
53. Be4 Kg7 54. Ke3 Ng8 55. Kd4 f6 56. h6+ Nxh6 57. gxh6+ Kf7 58. e6+ 1-0

[Event "4NCL 3 South pool A"]
[Site "Daventry, ENG"]
[Date "2019.04.13"]
[Round "7.16"]
[White "Mackenzie, Colin"]
[Black "Calvert, D Ian"]
[Result "1/2-1/2"]
[WhiteElo "2042"]
[BlackElo "1921"]
[PlyCount "73"]
[EventDate "2019.04.13"]
[WhiteTeam "Kings Head"]
[BlackTeam "Iceni 1"]

1. c4 Nf6 2. g3 c6 3. Bg2 d5 4. Nf3 g6 5. b3 Bg7 6. Bb2 O-O 7. O-O Nbd7 8. d3
b6 9. Qc2 Bb7 10. Nbd2 c5 11. cxd5 Nxd5 12. Bxg7 Kxg7 13. Rac1 Rc8 14. Qb2+ Kg8
15. a3 N7f6 16. Rfd1 Nc7 17. Bh3 e6 18. d4 Qe7 19. dxc5 bxc5 20. Bg2 Rfd8 21.
Ne5 Bxg2 22. Kxg2 Nb5 23. Ndf3 Nd7 24. Ng4 e5 25. e3 f6 26. h3 Nc7 27. e4 Ne6
28. b4 c4 29. Ne3 Nb6 30. Rxd8+ Qxd8 31. Rd1 Qf8 32. Qc2 Qg7 33. a4 c3 34. a5
Nc4 35. Nxc4 Rxc4 36. Rd5 Qc7 37. a6 1/2-1/2

[Event "4NCL 3 South pool A"]
[Site "Daventry, ENG"]
[Date "2019.04.13"]
[Round "7.21"]
[White "Saidmurodov, Shahjahon"]
[Black "Martin, Lewis"]
[Result "0-1"]
[WhiteElo "1775"]
[BlackElo "2196"]
[PlyCount "80"]
[EventDate "2019.04.13"]
[WhiteTeam "CSC 2"]
[BlackTeam "Check Innmates 1"]

1. d4 d5 2. Bf4 Nf6 3. e3 Bf5 4. Nf3 e6 5. Nbd2 Nbd7 6. Be2 Be7 7. Ne5 Nxe5 8.
dxe5 Nd7 9. g4 Bg6 10. Bg3 c6 11. f4 Qb6 12. O-O Qxe3+ 13. Kg2 Bxc2 14. Qxc2
Qxe2+ 15. Rf2 Qxg4 16. Re1 O-O 17. f5 exf5 18. Rxf5 Qg6 19. Nf3 Nc5 20. Nd4 Ne6
21. Nf3 d4 22. Qe4 Nc5 23. Qf4 Nd3 24. Qe4 Nxe1+ 25. Nxe1 c5 26. Kf2 c4 27. Nf3
d3 28. h4 Qb6+ 29. Kf1 Qxb2 30. e6 fxe6 31. Qxe6+ Kh8 32. Be5 Qe2+ 33. Kg1 Rxf5
34. Qxf5 Rf8 35. Qg4 Bc5+ 36. Bd4 Bxd4+ 37. Qxd4 Qxf3 38. a4 Qg3+ 39. Kh1 Rf1+
40. Qg1 Qh3# 0-1

[Event "4NCL 3 South pool A"]
[Site "Daventry, ENG"]
[Date "2019.04.13"]
[Round "7.22"]
[White "Richmond, Peter"]
[Black "Vachtfeidl, Petr"]
[Result "1/2-1/2"]
[WhiteElo "2075"]
[BlackElo "1841"]
[PlyCount "107"]
[EventDate "2019.04.13"]
[WhiteTeam "Check Innmates 1"]
[BlackTeam "CSC 2"]

1. Nc3 e5 2. e4 Nf6 3. Nf3 Nc6 4. d4 exd4 5. Nxd4 Bb4 6. Nxc6 bxc6 7. Bd3 O-O
8. O-O d5 9. exd5 cxd5 10. Bg5 c6 11. Qf3 h6 12. Bxf6 Qxf6 13. Qxf6 gxf6 14.
Ne2 Re8 15. c3 Bf8 16. Rfe1 Bd7 17. Ng3 Re5 18. f4 Rxe1+ 19. Rxe1 Re8 20. Rxe8
Bxe8 21. Kf2 Bd7 22. Kf3 a5 23. Nh5 Be7 24. b4 axb4 25. cxb4 Kf8 26. a3 Ke8 27.
Ng7+ Kd8 28. Bf5 Bf8 29. Bxd7 Kxd7 30. Nf5 Kc7 31. Ke3 Kb6 32. Kd4 h5 33. h4
Kb5 34. Kc3 c5 35. bxc5 Bxc5 36. Ng3 Bf2 37. Nxh5 f5 38. Ng7 Bxh4 39. Nxf5 Bf6+
40. Kd3 Kc5 41. g4 Bd8 42. Nd4 Bf6 43. Nb3+ Kb5 44. g5 Bb2 45. Nd4+ Kc5 46. Nf3
Bxa3 47. Ne5 Kd6 48. Nxf7+ Ke6 49. Ne5 Bc1 50. g6 Kf6 51. f5 Bh6 52. Ng4+ Kxf5
53. Nxh6+ Kxg6 54. Ng4 1/2-1/2

[Event "4NCL 3 South pool A"]
[Site "Daventry, ENG"]
[Date "2019.04.13"]
[Round "7.23"]
[White "Grey, Nicholas D"]
[Black "Headlong, Timothy"]
[Result "0-1"]
[WhiteElo "1694"]
[BlackElo "2127"]
[PlyCount "52"]
[EventDate "2019.04.13"]
[WhiteTeam "CSC 2"]
[BlackTeam "Check Innmates 1"]

1. e4 c5 2. c3 d5 3. exd5 Qxd5 4. d4 Nf6 5. Nf3 e6 6. Nbd2 cxd4 7. Bc4 Qd8 8.
Nxd4 a6 9. O-O Qc7 10. Qe2 Be7 11. Re1 Nc6 12. N2f3 Bd7 13. Nxc6 Bxc6 14. Ne5
Bd5 15. Bxd5 exd5 16. Bf4 Qd8 17. Rad1 O-O 18. Rd3 Bd6 19. Qd2 Re8 20. Nf3
Rxe1+ 21. Nxe1 Bxf4 22. Qxf4 Qb6 23. Rd2 Re8 24. Nd3 h6 25. Ne5 Qe6 26. Re2 Nd7
0-1

[Event "4NCL 3 South pool A"]
[Site "Daventry, ENG"]
[Date "2019.04.13"]
[Round "7.24"]
[White "Parker, Francis"]
[Black "Cresswell, Mike J"]
[Result "1-0"]
[WhiteElo "1998"]
[BlackElo "1695"]
[PlyCount "139"]
[EventDate "2019.04.13"]
[WhiteTeam "Check Innmates 1"]
[BlackTeam "CSC 2"]

1. f4 Nf6 2. Nf3 g6 3. b4 Bg7 4. Bb2 d5 5. e3 Bg4 6. c4 O-O 7. Be2 c6 8. O-O
Nbd7 9. a4 Nb6 10. Na3 dxc4 11. Nxc4 Nxc4 12. Bxc4 Nh5 13. Bxg7 Nxg7 14. Qb3
Be6 15. Bxe6 Nxe6 16. f5 Ng7 17. fxg6 hxg6 18. e4 Ne6 19. Kh1 Qd6 20. Qe3 Qf4
21. Qc3 Qf6 22. Ne5 Qg7 23. Qg3 Rad8 24. d3 Rd4 25. b5 c5 26. Rf3 c4 27. dxc4
Rxe4 28. Re1 Rxe1+ 29. Qxe1 Nd4 30. Rh3 Rd8 31. Ng4 Nc2 32. Qc1 Qd4 33. Nh6+
Kf8 34. Rf3 Qd1+ 35. Rf1 Qxc1 36. Rxc1 Kg7 37. Ng4 Rd4 38. c5 Rc4 39. c6 bxc6
40. Ne5 Rc5 41. Nxc6 Rc4 42. Kg1 Kf8 43. Nxa7 Rxa4 44. b6 Rb4 45. Rxc2 Rxb6 46.
Rc8+ Kg7 47. Rc7 e5 48. Kf2 Rf6+ 49. Ke2 Kh6 50. Re7 Rf5 51. Nc6 f6 52. Nd8 Rf4
53. Ne6 Ra4 54. g3 g5 55. Nf8 g4 56. Rh7+ Kg5 57. Rg7+ Kf5 58. Rd7 Ra2+ 59. Rd2
Rxd2+ 60. Kxd2 Ke4 61. Nd7 f5 62. Ke2 f4 63. Nc5+ Kf5 64. Nd3 fxg3 65. hxg3 Kf6
66. Nf2 Kg5 67. Ke3 Kf5 68. Kd3 Kg5 69. Ke4 Kf6 70. Nxg4+ 1-0

[Event "4NCL 3 South pool A"]
[Site "Daventry, ENG"]
[Date "2019.04.13"]
[Round "7.25"]
[White "John, Joshua"]
[Black "Richmond, Jane"]
[Result "1-0"]
[WhiteElo "1665"]
[BlackElo "2077"]
[PlyCount "137"]
[EventDate "2019.04.13"]
[WhiteTeam "CSC 2"]
[BlackTeam "Check Innmates 1"]

1. d4 Nf6 2. c4 e6 3. Nc3 Bb4 4. Qc2 d5 5. cxd5 exd5 6. Bg5 O-O 7. e3 h6 8. Bh4
c5 9. dxc5 d4 10. O-O-O Nc6 11. Nge2 Bxc5 12. Bxf6 Qxf6 13. Ne4 Qe7 14. Nxc5
dxe3 15. Nd3 exf2 16. Nc3 Bg4 17. Be2 Nd4 18. Bxg4 Nxc2 19. Kxc2 Rad8 20. Nxf2
$11 Rxd1 21. Rxd1 Qh4 22. Rd2 Qxh2 23. Bf3 Qc7 24. Nfe4 b5 25. Kb1 b4 26. Nd5
Qe5 27. Nxb4 f5 28. Nd3 $11 Qa5 29. Nc3 Rd8 30. Kc2 g5 31. Re2 Qc7 32. Bh5 Kg7
33. Be8 a6 34. Ba4 Rd4 35. Bb3 f4 36. Ne5 Rd8 37. Nf7 Rd7 38. Ne5 Re7 39. Nc4
Rxe2+ 40. Nxe2 Qc6 41. Nd4 Qxg2+ 42. Nd2 Kf6 43. Bc4 g4 44. Bxa6 Qd5 45. Ne2
Kg5 46. a4 Qc6+ 47. Bc4 Qxa4+ 48. b3 Qe8 49. b4 Qe3 50. b5 g3 51. Bd3 Kg4 52.
Be4 Qxe2 53. Bf3+ Qxf3 54. Nxf3 Kxf3 55. b6 g2 56. b7 g1=Q 57. b8=Q Qd4 58.
Qb3+ Qe3 59. Qg8 Kf2 60. Qd8 f3 61. Qh4+ Ke2 62. Qc4+ Ke1 63. Qb4+ Kf1 64. Qb1+
Qe1 65. Qb7 Qe2+ 66. Kc3 Qe3+ 67. Kc2 f2 68. Qh1+ Ke2 69. Qd1# 1-0